| 000 | 00583nam a22001937a 4500 | ||
|---|---|---|---|
| 999 |
_c10083 _d10083 |
||
| 003 | AR-CdUCM | ||
| 008 | 190329b ||||| |||| 00| 0 spa d | ||
| 040 |
_aMUNICIPALIDAD PROVINCIAL DEL CUSCO _cBIBLIOTECA MUNICIPAL DEL CUSCO |
||
| 082 |
_aES / 373.700 / _bH81 |
||
| 100 |
_aHoyos Peña, Julio _926736 |
||
| 245 | _aEducación Artística / | ||
| 260 |
_aLima : _bUniverso S. A. |
||
| 300 |
_a127 páginas ; _bFotografías _c27cm |
||
| 500 | _a4to de Educación Secundaria | ||
| 505 | _aContenido: Arte | ||
| 650 |
_aArtística _926737 |
||
| 942 |
_2ddc _cLIBROS |
||
| 945 | _anom | ||